[Event "Tage Sorensen Memorial 2001"]
[Site "Holbaek"]
[Date "2001.06.28"]
[Round "6"]
[White "Jensen, Leif"]
[Black "Naes, Flovin Tor"]
[Result "0-1"]
[WhiteElo "2102"]
[BlackElo "2236"]
[PlyCount "88"]
[EventDate "2001.06.23"]

1. e4 c5 2. g3 Nc6 3. Bg2 g6 4. c3 Bg7 5. d3 d6 6. f4 e5 7. Nf3 Nge7 8. Be3
exf4 9. gxf4 O-O 10. O-O f5 11. Qb3+ Kh8 12. Ng5 Qe8 13. Ne6 Bxe6 14. Qxe6 Rd8
15. Qb3 fxe4 16. dxe4 Na5 17. Qc2 Nc4 18. Bc1 d5 19. b3 Nd6 20. exd5 Ndf5 21.
Re1 Qf7 22. Bb2 Nxd5 23. c4 Nfe3 24. Qf2 Nxg2 25. Kxg2 Nxf4+ 26. Kh1 Qd7 27.
Bxg7+ Qxg7 28. Nd2 Nd3 29. Qe3 Nxe1 30. Rxe1 Qd4 31. Qxd4+ Rxd4 32. Re2 b6 33.
Kg2 Rd3 34. Nf1 Kg7 35. Ng3 Rf7 36. Nf1 Rfd7 37. h3 h6 38. Re6 Rf7 39. Ne3 Rd2+
40. Kg3 Rxa2 41. h4 Rb2 42. Kg4 h5+ 43. Kg5 Rg2+ 44. Nxg2 Rf5# 0-1

[Event "Tage Sorensen Memorial 2001"]
[Site "Holbaek"]
[Date "2001.06.28"]
[Round "6"]
[White "Pavlovskaya, Evgenija"]
[Black "Molvig, Henrik"]
[Result "0-1"]
[WhiteElo "2201"]
[BlackElo "2219"]
[PlyCount "64"]
[EventDate "2001.06.23"]

1. e4 c5 2. Nf3 d6 3. d4 cxd4 4. Qxd4 a6 5. c4 Nc6 6. Qd2 g6 7. b3 Bg7 8. Bb2
Bxb2 9. Qxb2 Nf6 10. Nbd2 Bg4 11. Bd3 Bxf3 12. Nxf3 Qa5+ 13. Qd2 Qxd2+ 14. Kxd2
O-O 15. Rac1 Nd7 16. Rhd1 Rfc8 17. Ke3 Nc5 18. Ng1 a5 19. Ne2 a4 20. Bc2 Nb4
21. bxa4 Nxc2+ 22. Rxc2 Rxa4 23. Rb1 Rca8 24. Rbb2 Ra3+ 25. Nc3 R8a4 26. Kd4
e5+ 27. Kd5 Ra6 28. Rb5 Ne6 29. c5 Nc7+ 30. Kc4 Nxb5 31. Nxb5 R6a4+ 32. Kd5
Rd3+ 0-1

[Event "Tage Sorensen Memorial 2001"]
[Site "Holbaek"]
[Date "2001.06.28"]
[Round "6"]
[White "Pedersen, Henrik Dahl"]
[Black "Kiss, Gergely"]
[Result "0-1"]
[WhiteElo "2237"]
[BlackElo "2270"]
[PlyCount "72"]
[EventDate "2001.06.23"]

1. c4 Nf6 2. Nc3 g6 3. g3 Bg7 4. Bg2 c5 5. a3 Nc6 6. Rb1 d6 7. Nf3 Bf5 8. d3
Qc8 9. O-O O-O 10. b4 Rb8 11. bxc5 Nd7 12. Nd5 Nxc5 13. Bb2 e5 14. e4 Bg4 15.
Ne3 Bh5 16. Bc3 f5 17. exf5 gxf5 18. Qc2 f4 19. Nd5 Qf5 20. Rbd1 Rf7 21. Nh4
Bxd1 22. Rxd1 Qd7 23. gxf4 Qg4 24. Nf3 exf4 25. Bxg7 Qxg7 26. Kh1 Kh8 27. d4
Ne6 28. Qe4 Rg8 29. Bh3 Ng5 30. Nxg5 Qxg5 31. Be6 f3 32. Ne3 Rf4 33. Qb1 Rg7
34. Qb2 Rh4 35. d5 Rxh2+ 36. Kxh2 Qf4+ 0-1

[Event "Tage Sorensen Memorial 2001"]
[Site "Holbaek"]
[Date "2001.06.29"]
[Round "7"]
[White "Hermansson, Emil"]
[Black "Eriksson, Johan"]
[Result "1-0"]
[WhiteElo "2400"]
[BlackElo "2408"]
[PlyCount "59"]
[EventDate "2001.06.23"]

1. e4 c5 2. Nf3 d6 3. d4 cxd4 4. Nxd4 Nf6 5. Nc3 a6 6. Be2 e6 7. O-O Be7 8. a4
Nc6 9. Be3 O-O 10. f4 Qc7 11. Kh1 Re8 12. Bf3 Bf8 13. Nb3 b6 14. a5 bxa5 15. e5
dxe5 16. fxe5 Nd5 17. Nxd5 exd5 18. Qxd5 Bb7 19. Nxa5 Rac8 20. Nxb7 Qxb7 21.
Be4 Rc7 22. e6 Rxe6 23. Rxf7 Rxf7 24. Qxe6 Qxb2 25. Rf1 Nd8 26. Qc4 Qe5 27. Bd5
Qh5 28. g4 Qg6 29. h4 h5 30. Bg5 1-0

[Event "Tage Sorensen Memorial 2001"]
[Site "Holbaek"]
[Date "2001.06.29"]
[Round "7"]
[White "Pedersen, Hans Dahl"]
[Black "Jorgensen, Gert"]
[Result "1-0"]
[WhiteElo "2208"]
[BlackElo "2123"]
[PlyCount "73"]
[EventDate "2001.06.23"]

1. c4 c5 2. g3 Nc6 3. Bg2 g6 4. Nc3 Bg7 5. Nf3 Nf6 6. a3 O-O 7. Rb1 d5 8. cxd5
Nxd5 9. Nxd5 Qxd5 10. O-O Qd6 11. d3 Rd8 12. Be3 c4 13. dxc4 Bf5 14. b4 Bxb1
15. Qxb1 Qf6 16. Qe4 Rd7 17. Bh3 e6 18. c5 Ne5 19. Nd2 Rad8 20. Nb3 Rd1 21. Na5
Rxf1+ 22. Kxf1 Qe7 23. Qxb7 Rd1+ 24. Kg2 Qxb7+ 25. Nxb7 Nc4 26. a4 Nxe3+ 27.
fxe3 Rd7 28. c6 Rc7 29. b5 Kf8 30. Kf2 Ke7 31. Bg2 Be5 32. a5 Rc8 33. b6 axb6
34. axb6 Bc3 35. Nc5 Kd6 36. b7 Rb8 37. Na6 1-0

[Event "Tage Sorensen Memorial 2001"]
[Site "Holbaek"]
[Date "2001.06.29"]
[Round "7"]
[White "Carstensen, Jacob"]
[Black "Kiss, Gergely"]
[Result "1/2-1/2"]
[WhiteElo "2260"]
[BlackElo "2270"]
[PlyCount "39"]
[EventDate "2001.06.23"]

1. d4 Nf6 2. c4 g6 3. Nc3 Bg7 4. e4 d6 5. f3 O-O 6. Be3 e5 7. Nge2 exd4 8. Nxd4
Nc6 9. Qd2 Nxd4 10. Bxd4 Bd7 11. O-O-O Bc6 12. g4 Qe7 13. h4 Nd7 14. Bxg7 Kxg7
15. h5 g5 16. Ne2 h6 17. Nd4 Qe5 18. Be2 Nc5 19. Rhf1 Ne6 20. Nf5+ 1/2-1/2

[Event "Tage Sorensen Memorial 2001"]
[Site "Holbaek"]
[Date "2001.06.29"]
[Round "7"]
[White "Lamprecht, Frank"]
[Black "Bromann, Thorbjorn"]
[Result "1/2-1/2"]
[WhiteElo "2403"]
[BlackElo "2310"]
[PlyCount "50"]
[EventDate "2001.06.23"]

1. d4 d5 2. c4 Nc6 3. cxd5 Qxd5 4. e3 e5 5. Nc3 Bb4 6. Bd2 Bxc3 7. Bxc3 exd4 8.
Ne2 Nf6 9. Nxd4 O-O 10. Nb5 Qg5 11. h4 Qh6 12. Qf3 Bg4 13. Qg3 Rad8 14. Bc4 a6
15. Nxc7 Bc8 16. Qg5 Qxg5 17. hxg5 Ne4 18. O-O Nxc3 19. bxc3 Na5 20. Bb3 Nxb3
21. axb3 Rd7 22. Na8 Rd6 23. Nc7 Rd7 24. Na8 Rd6 25. Nc7 Rd7 1/2-1/2

[Event "Tage Sorensen Memorial 2001"]
[Site "Holbaek"]
[Date "2001.06.29"]
[Round "7"]
[White "Palm, Eivind"]
[Black "Sivertsen, Palle"]
[Result "0-1"]
[WhiteElo "2000"]
[BlackElo "2168"]
[PlyCount "66"]
[EventDate "2001.06.23"]

1. d4 b5 2. e4 Bb7 3. Bd3 e6 4. Nf3 c5 5. c3 Nf6 6. Qe2 a6 7. Bg5 h6 8. Bh4 Qb6
9. a4 Nc6 10. axb5 axb5 11. Rxa8+ Bxa8 12. dxc5 Bxc5 13. b4 Be7 14. O-O O-O 15.
Na3 g5 16. Bg3 Na7 17. Nxg5 hxg5 18. Be5 d6 19. Bxf6 Bxf6 20. e5 dxe5 21. Qh5
Rd8 22. Bh7+ Kg7 23. Bc2 Rh8 24. Qd1 e4 25. c4 bxc4 26. Nxc4 Qxb4 27. Ne3 Nc6
28. Ba4 Ne5 29. Qc2 Qd6 30. Rd1 Nd3 31. h3 Qf4 32. Bb3 Bd4 33. g3 Qf3 0-1

[Event "Tage Sorensen Memorial 2001"]
[Site "Holbaek"]
[Date "2001.06.29"]
[Round "7"]
[White "Skytte, Rasmus"]
[Black "Izsak, Gyula"]
[Result "1/2-1/2"]
[WhiteElo "2343"]
[BlackElo "2452"]
[PlyCount "49"]
[EventDate "2001.06.23"]

1. e4 c5 2. c3 d5 3. exd5 Qxd5 4. d4 e6 5. Nf3 Nf6 6. Bd3 Nc6 7. O-O cxd4 8.
cxd4 Be7 9. Nc3 Qd8 10. a3 O-O 11. Bc2 b6 12. Qd3 Bb7 13. Re1 g6 14. Bh6 Re8
15. Rad1 Rc8 16. Bb3 Nd5 17. Nxd5 exd5 18. Ba4 Bf6 19. h3 Qd6 20. Bxc6 Bxc6 21.
Rc1 Rxe1+ 22. Rxe1 Bd7 23. Qe3 Be6 24. Bf4 Qd8 25. Bg5 1/2-1/2

[Event "Tage Sorensen Memorial 2001"]
[Site "Holbaek"]
[Date "2001.06.29"]
[Round "7"]
[White "Brekka, Martin"]
[Black "Pedersen, Henrik Dahl"]
[Result "1/2-1/2"]
[WhiteElo "2102"]
[BlackElo "2237"]
[PlyCount "66"]
[EventDate "2001.06.23"]

1. d4 Nf6 2. c4 g6 3. Nc3 Bg7 4. e4 d6 5. f3 O-O 6. Be3 Na6 7. Nge2 c5 8. d5
Nc7 9. g4 e6 10. Qd2 exd5 11. cxd5 b5 12. Ng3 c4 13. Bh6 Bxh6 14. Qxh6 b4 15.
Nce2 Qe7 16. h4 Bxg4 17. fxg4 Nxg4 18. Qf4 Ne5 19. O-O-O Nd3+ 20. Rxd3 cxd3 21.
Nd4 Rac8 22. Kd2 f5 23. Ngxf5 gxf5 24. Nxf5 Qf6 25. Bxd3 Qxb2+ 26. Ke3 Qg2 27.
Qg5+ Qxg5+ 28. hxg5 Rxf5 29. exf5 Re8+ 30. Kf3 Re5 31. f6 Rxg5 32. Rxh7 Nxd5
33. Rxa7 Nxf6 1/2-1/2

[Event "Tage Sorensen Memorial 2001"]
[Site "Holbaek"]
[Date "2001.06.29"]
[Round "7"]
[White "Jensen, Leif"]
[Black "Ostergaard, Rasmus"]
[Result "1/2-1/2"]
[WhiteElo "2102"]
[BlackElo "2183"]
[PlyCount "69"]
[EventDate "2001.06.23"]

1. e4 e5 2. Nc3 Nf6 3. f4 d5 4. fxe5 Nxe4 5. Nf3 Be7 6. d4 O-O 7. Bd3 f5 8.
exf6 Bxf6 9. O-O Nc6 10. Ne2 Nb4 11. Bb5 Bd7 12. Bxd7 Qxd7 13. c3 Nc6 14. Qd3
Ne7 15. b3 Rfe8 16. Ba3 Nf5 17. Rae1 Rad8 18. Bc1 Nh4 19. Nd2 c6 20. Nxe4 Rxe4
21. Ng3 Rxe1 22. Rxe1 Re8 23. Rxe8+ Qxe8 24. Qe3 Qxe3+ 25. Bxe3 g6 26. Kf2 Kf7
27. Ne2 h5 28. h3 Nf5 29. g4 hxg4 30. hxg4 Nd6 31. Bf4 Ne4+ 32. Ke3 Bh4 33. c4
Ke6 34. Kf3 Bf6 35. Ke3 1/2-1/2

[Event "Tage Sorensen Memorial 2001"]
[Site "Holbaek"]
[Date "2001.06.29"]
[Round "7"]
[White "Skjoldager, Flemming"]
[Black "Pedersen, Kim"]
[Result "1/2-1/2"]
[WhiteElo "2000"]
[BlackElo "2227"]
[PlyCount "71"]
[EventDate "2001.06.23"]

1. Nf3 d5 2. d4 c6 3. Bf4 Bf5 4. e3 e6 5. Bd3 Bg6 6. O-O Nd7 7. c3 Ngf6 8. h3
Ne4 9. Ne5 Nxe5 10. Bxe5 f6 11. Bh2 Bd6 12. Bxd6 Qxd6 13. Nd2 Nxd2 14. Qxd2 e5
15. Rfc1 e4 16. Bf1 O-O 17. c4 f5 18. cxd5 cxd5 19. Rc5 b6 20. Rc3 Be8 21. Rac1
Bd7 22. Rc7 g5 23. Ba6 f4 24. Bb7 Rad8 25. Bc6 f3 26. Bxd7 Rxd7 27. R7c6 Qe7
28. g3 Rf6 29. Rxf6 Qxf6 30. Qc3 Kg7 31. Kh2 Qd6 32. Qc8 Re7 33. a3 Qd7 34. Qb8
Qb7 35. Qd6 Qd7 36. Qb8 1/2-1/2

[Event "Tage Sorensen Memorial 2001"]
[Site "Holbaek"]
[Date "2001.06.29"]
[Round "7"]
[White "Naes, Flovin Tor"]
[Black "Skjoldborg, Jesper"]
[Result "1-0"]
[WhiteElo "2236"]
[BlackElo "2228"]
[PlyCount "107"]
[EventDate "2001.06.23"]

1. Nf3 e6 2. c4 d5 3. g3 Nf6 4. Bg2 Be7 5. O-O O-O 6. b3 b6 7. Bb2 Nbd7 8. d4
Bb7 9. Nc3 c5 10. dxc5 Nxc5 11. Nd4 dxc4 12. bxc4 Bxg2 13. Kxg2 Qc7 14. Nb3
Qb7+ 15. Kg1 Rac8 16. Qc2 Nce4 17. Nxe4 Qxe4 18. Rfc1 Rc7 19. a4 Qxc2 20. Rxc2
Rfc8 21. a5 b5 22. Rac1 Ne4 23. f3 Nd6 24. c5 Nc4 25. Bd4 Rd7 26. Bf2 a6 27.
Rc3 Bd8 28. Rd3 Rxd3 29. exd3 Ne5 30. d4 Nxf3+ 31. Kg2 Ng5 32. Re1 h6 33. d5
exd5 34. Re8+ Kh7 35. c6 Ne6 36. Nd4 Nc7 37. Rf8 Rb8 38. Nc2 Kg6 39. Bb6 Ne6
40. Re8 Bxb6 41. Rxb8 Bxa5 42. Ra8 Nc7 43. Ra7 Kf6 44. Nd4 Bb6 45. Rb7 Bxd4 46.
Rxc7 Ke6 47. Rxf7 Be5 48. c7 Bxc7 49. Rxc7 Kd6 50. Rc8 a5 51. Kf3 a4 52. Ke3 b4
53. Kd3 b3 54. Ra8 1-0

[Event "Tage Sorensen Memorial 2001"]
[Site "Holbaek"]
[Date "2001.06.29"]
[Round "7"]
[White "Stockflet, Henrik"]
[Black "Pavlovskaya, Evgenija"]
[Result "0-1"]
[WhiteElo "2000"]
[BlackElo "2201"]
[PlyCount "120"]
[EventDate "2001.06.23"]

1. e4 c5 2. Nf3 a6 3. d4 cxd4 4. Nxd4 Nf6 5. Nc3 e5 6. Nf3 Bb4 7. Bc4 d6 8. O-O
O-O 9. Nd5 Nxd5 10. Bxd5 Nc6 11. c3 Bc5 12. b4 Bb6 13. Qd3 Be6 14. Rd1 Qd7 15.
Bg5 f6 16. Be3 Bxe3 17. Bxe6+ Qxe6 18. Qxe3 Rfd8 19. Rd2 d5 20. Rad1 dxe4 21.
Qxe4 Rxd2 22. Rxd2 Rd8 23. a4 Rxd2 24. Nxd2 Qd7 25. Qc4+ Kf8 26. Nf1 Ne7 27. a5
Nd5 28. g3 Qc6 29. Ne3 Qxc4 30. Nxc4 Nxc3 31. Nd6 Nd5 32. Nxb7 Nxb4 33. Kf1 Ke7
34. Ke2 Ke6 35. Kd2 Kd5 36. Kc3 Nc6 37. Kd3 f5 38. Ke3 g5 39. f3 f4+ 40. Kf2 h5
41. Kg2 g4 42. Kf2 Nd4 43. fxg4 hxg4 44. gxf4 exf4 45. Nd8 Nb3 46. Nf7 Nxa5 47.
Nh6 g3+ 48. hxg3 fxg3+ 49. Kxg3 Nc4 50. Kf3 a5 51. Ng4 a4 52. Nf2 Kd4 53. Ke2
Kc3 54. Nd3 Ne5 55. Ne1 a3 56. Kd1 a2 57. Nc2 Kb2 58. Kd2 Nc4+ 59. Kd3 Na3 60.
Kd2 Nxc2 0-1

[Event "Tage Sorensen Memorial 2001"]
[Site "Holbaek"]
[Date "2001.06.29"]
[Round "7"]
[White "Visweswaran, Kameswaran"]
[Black "Nilssen, John Arni"]
[Result "0-1"]
[WhiteElo "2301"]
[BlackElo "2345"]
[PlyCount "168"]
[EventDate "2001.06.23"]

1. e4 c5 2. Nf3 Nc6 3. d4 cxd4 4. Nxd4 e5 5. Nb5 d6 6. N1c3 a6 7. Na3 b5 8.
Nab1 Nf6 9. Bg5 Be7 10. Bxf6 Bxf6 11. Nd5 Bg5 12. a4 b4 13. Nd2 Rb8 14. Nc4 Nd4
15. Bd3 Be6 16. O-O O-O 17. a5 Nc6 18. Be2 Bxd5 19. exd5 Ne7 20. Ra4 Qc7 21. b3
f5 22. Nxe5 dxe5 23. d6 Qc6 24. Bc4+ Kh8 25. dxe7 Bxe7 26. Qe2 e4 27. Bxa6 Bc5
28. Bc4 f4 29. Re1 f3 30. Qxe4 Qh6 31. gxf3 Bd6 32. h4 Rf4 33. Qe6 Rf6 34. a6
Rxe6 35. Rxe6 Qc1+ 36. Kg2 Bc5 37. Ra5 Bd4 38. Rd5 Qd2 39. Be2 Qc3 40. Red6 Bf6
41. a7 Ra8 42. Rd7 Qc8 43. Bd3 Be5 44. Be4 Bc7 45. Rf7 Rxa7 46. Rdd7 Qg8 47.
Bd5 Bb6 48. Rxa7 Bxa7 49. Rd7 Qb8 50. h5 Qb6 51. Kh3 g5 52. Kg4 Qf6 53. Rf7
Qd4+ 54. Be4 Qxf2 55. h6 Qh4+ 56. Kf5 Qxh6 57. Rxa7 Qf8+ 58. Ke6 Qg8+ 59. Rf7
Qc8+ 60. Ke7 Qc7+ 61. Kf6 Qd8+ 62. Kf5 Kg8 63. Rb7 h6 64. Kg4 Qc8+ 65. Kg3 Qc5
66. Kg2 h5 67. Rd7 Qe3 68. Rd3 Qe2+ 69. Kg3 Qe1+ 70. Kg2 Kg7 71. Rd6 Kf7 72.
Bd3 Qd2+ 73. Kf1 Qf4 74. Bc4+ Ke7 75. Re6+ Kd7 76. Ke2 Qxc4+ 77. bxc4 Kxe6 78.
Ke3 Ke5 79. Kd3 h4 80. Ke3 h3 81. Kf2 Kd4 82. Kg3 Kxc4 83. Kxh3 Kc3 84. Kg4
Kxc2 0-1

[Event "Tage Sorensen Memorial 2001"]
[Site "Holbaek"]
[Date "2001.06.29"]
[Round "7"]
[White "Nielsen, Max"]
[Black "Strange, Mikkel"]
[Result "1-0"]
[WhiteElo "2251"]
[BlackElo "2228"]
[PlyCount "171"]
[EventDate "2001.06.23"]

1. e4 e5 2. Nf3 Nc6 3. Bb5 a6 4. Ba4 Nf6 5. Qe2 b5 6. Bb3 Be7 7. d4 d6 8. c3
Bg4 9. d5 Na5 10. Bc2 c6 11. dxc6 Nxc6 12. O-O O-O 13. Rd1 h6 14. Nbd2 Re8 15.
Nf1 Qd7 16. Ne3 Be6 17. b3 Bd8 18. Ba3 Bc7 19. Rd2 Qe7 20. Rad1 Rad8 21. Nh4 b4
22. Nhf5 Bxf5 23. Nxf5 Qe6 24. cxb4 d5 25. exd5 Nxd5 26. Qg4 g6 27. Nxh6+ Kg7
28. Qxe6 fxe6 29. Ng4 Nd4 30. Bb2 Nxb4 31. Bb1 Nbc6 32. Kf1 Rf8 33. Be4 Rf4 34.
Bxc6 Rxg4 35. f3 Rf4 36. g3 Rff8 37. Bxd4 exd4 38. Rxd4 Kf6 39. Rxd8 Bxd8 40.
Be4 g5 41. Rd6 a5 42. Ra6 Bc7 43. Rc6 Bd8 44. Kg2 Ke5 45. a3 Rf7 46. b4 axb4
47. axb4 Ra7 48. Kh3 Ra4 49. b5 Rb4 50. Rc8 Bb6 51. Ra8 Be3 52. Kg4 Kf6 53. Rb8
Rb2 54. h4 gxh4 55. Kxh4 Bf2 56. Kg4 Rb4 57. Rf8+ Ke7 58. Rb8 Kf6 59. Kh3 Rb2
60. Bc6 Rb3 61. Rf8+ Ke7 62. Rf4 Be3 63. Re4 Kf6 64. Kg4 Bf2 65. Bd7 e5 66. Ra4
Ke7 67. Bc6 Kd6 68. Ra2 Rb4+ 69. Kh3 Be3 70. Re2 Rb3 71. Kg4 Ke6 72. Kh5 Kf6
73. Ra2 Rb1 74. Re2 Rb3 75. Ra2 Rb1 76. Ra6 Kg7 77. Kg4 Bf2 78. Ra2 Rb4+ 79.
Kf5 Bxg3 80. Rg2 Rf4+ 81. Ke6 Rf6+ 82. Kd7 Rg6 83. Be4 Rg5 84. b6 Kf6 85. b7
Rg7+ 86. Kc6 1-0

[Event "Tage Sorensen Memorial 2001"]
[Site "Holbaek"]
[Date "2001.06.29"]
[Round "7"]
[White "Molvig, Henrik"]
[Black "Hansen, Lars Henrik Bech"]
[Result "1-0"]
[WhiteElo "2219"]
[BlackElo "2159"]
[PlyCount "83"]
[EventDate "2001.06.23"]

1. d4 g6 2. c4 Nf6 3. Nc3 Bg7 4. e4 d6 5. Nf3 O-O 6. Be2 e5 7. O-O Nc6 8. d5
Ne7 9. Ne1 Nd7 10. Be3 f5 11. f3 f4 12. Bf2 g5 13. a4 Nf6 14. a5 h5 15. c5 g4
16. cxd6 cxd6 17. Nb5 g3 18. Bxa7 Nd7 19. Kh1 Ng6 20. Bg1 Nf6 21. Bb6 Qe7 22.
Nc7 Rb8 23. Ne6 Rf7 24. Rc1 Ne8 25. Bd8 Qd7 26. Qb3 b5 27. axb6 Qb7 28. Bb5 Nf6
29. Nd3 Nf8 30. Bc6 Qa6 31. Ra1 Nxe6 32. Rxa6 Nd4 33. Qa4 Bxa6 34. Qxa6 Rxd8
35. b7 h4 36. Qb6 Rff8 37. h3 Nh7 38. Ra1 Ng5 39. Ne1 Nxe4 40. fxe4 f3 41. Nxf3
Bh6 42. Qxd8 1-0

[Event "Tage Sorensen Memorial 2001"]
[Site "Holbaek"]
[Date "2001.07.29"]
[Round "7"]
[White "Larsen, Peder Lehmann"]
[Black "Brekka, Hanus"]
[Result "1/2-1/2"]
[WhiteElo "2055"]
[BlackElo "2000"]
[PlyCount "66"]
[EventDate "2001.06.23"]

1. d4 Nf6 2. Nf3 g6 3. c4 Bg7 4. Nc3 d6 5. e4 O-O 6. Be2 e5 7. O-O Nc6 8. d5
Ne7 9. Ne1 Ne8 10. Nd3 f5 11. Bd2 Nf6 12. f3 f4 13. Rc1 g5 14. g4 Ng6 15. c5 h5
16. h3 Kf7 17. cxd6 cxd6 18. Nb5 Qb6+ 19. Nf2 Bd7 20. Qb3 Bxb5 21. Qxb5 Qxb5
22. Bxb5 Rac8 23. Bb4 Ke7 24. Nd3 hxg4 25. hxg4 Nd7 26. Rxc8 Rxc8 27. Bxd7 Kxd7
28. Rc1 Rxc1+ 29. Nxc1 Bf6 30. Ba5 Bd8 31. Nb3 Bxa5 32. Nxa5 Kc7 33. Kf2 Nf8
1/2-1/2

[Event "Tage Sorensen Memorial 2001"]
[Site "Holbaek"]
[Date "2001.06.30"]
[Round "8"]
[White "Hansen, Lars Henrik Bech"]
[Black "Pedersen, Kim"]
[Result "0-1"]
[WhiteElo "2159"]
[BlackElo "2227"]
[PlyCount "108"]
[EventDate "2001.06.23"]

1. e4 e6 2. d4 d5 3. e5 c5 4. c3 Qb6 5. Nf3 Nc6 6. Bd3 Bd7 7. O-O cxd4 8. cxd4
Nxd4 9. Nxd4 Qxd4 10. Qe2 Qb6 11. Kh1 Bc5 12. Nc3 h6 13. a3 a5 14. Qg4 g6 15.
Na4 Bxa4 16. Qxa4+ Kf8 17. Bd2 Qd8 18. Rac1 b6 19. Qg4 h5 20. Qf4 Kg7 21. b4
axb4 22. axb4 Be7 23. Ra1 Nh6 24. Qd4 Qc7 25. Rxa8 Rxa8 26. Rc1 Qb8 27. Qf4 Ng4
28. h3 Nxe5 29. Qh6+ Kg8 30. Bc3 Bf8 31. Qe3 Nxd3 32. Qxd3 Qf4 33. Re1 Ra3 34.
g3 Qxf2 35. Rxe6 Rxc3 36. Rxg6+ fxg6 37. Qxc3 Qf1+ 38. Kh2 Qe2+ 39. Kh1 Qe4+
40. Kh2 Qxb4 41. Qf6 Qd2+ 42. Kh1 Qe1+ 43. Kh2 Qe2+ 44. Kh1 Qe4+ 45. Kh2 b5 46.
Qb6 b4 47. h4 d4 48. g4 hxg4 49. h5 gxh5 50. Qf6 Qe2+ 51. Kg1 Qe3+ 52. Kh2 Qh3+
53. Kg1 Qg3+ 54. Kh1 Qf3+ 0-1

[Event "Tage Sorensen Memorial 2001"]
[Site "Holbaek"]
[Date "2001.06.30"]
[Round "8"]
[White "Skytte, Rasmus"]
[Black "Hermansson, Emil"]
[Result "1-0"]
[WhiteElo "2343"]
[BlackElo "2400"]
[PlyCount "61"]
[EventDate "2001.06.23"]

1. e4 c6 2. d4 d5 3. e5 Bf5 4. Nd2 e6 5. Nb3 Nd7 6. Nf3 Ne7 7. Be2 c5 8. Nxc5
Nxc5 9. dxc5 Bg4 10. O-O Nc6 11. Be3 Be7 12. Bd4 Bxf3 13. Bxf3 Qc7 14. c3 Nxe5
15. Bxe5 Qxe5 16. Qa4+ Kf8 17. c4 Bxc5 18. cxd5 exd5 19. Rfe1 Qd6 20. Qb5 d4
21. Rac1 Bb6 22. Bxb7 Rd8 23. Rc6 Qb8 24. Qb4+ Kg8 25. Re7 Qf4 26. g3 Qf5 27.
Rd6 Rb8 28. Be4 Qg5 29. Rdd7 h5 30. Qc4 Rh6 31. Qxf7+ 1-0

[Event "Tage Sorensen Memorial 2001"]
[Site "Holbaek"]
[Date "2001.06.30"]
[Round "8"]
[White "Nilssen, John Arni"]
[Black "Izsak, Gyula"]
[Result "1/2-1/2"]
[WhiteElo "2345"]
[BlackElo "2452"]
[PlyCount "97"]
[EventDate "2001.06.23"]

1. d4 Nf6 2. c4 e6 3. Nc3 Bb4 4. g3 O-O 5. Bg2 d5 6. Nf3 c6 7. Qb3 Be7 8. O-O
b6 9. Ne5 Bb7 10. Rd1 Nfd7 11. Nxd7 Nxd7 12. e4 dxe4 13. Nxe4 Nf6 14. Bg5 Nxe4
15. Bxe7 Qxe7 16. Bxe4 Rfd8 17. c5 b5 18. a4 a6 19. Qf3 Qc7 20. b4 h6 21. axb5
axb5 22. Rxa8 Rxa8 23. Bc2 Qd7 24. Qe4 g6 25. Bb3 Rd8 26. Qe5 Bc8 27. Qf6 Re8
28. Ra1 Bb7 29. h4 h5 30. Qe5 Qd8 31. f4 Qb8 32. Kf2 Qxe5 33. dxe5 Kf8 34. Ra7
Re7 35. Bd1 Rd7 36. Bf3 Ke7 37. Ke3 Kd8 38. g4 hxg4 39. Bxg4 Ke7 40. h5 gxh5
41. Bxh5 Kd8 42. Bg4 Kc7 43. Ra1 Rd8 44. Bh5 Rf8 45. Rg1 Kd8 46. Rg7 Ke7 47.
Bf3 Ra8 48. Bh5 Rf8 49. Kf3 1/2-1/2

[Event "Tage Sorensen Memorial 2001"]
[Site "Holbaek"]
[Date "2001.06.30"]
[Round "8"]
[White "Pedersen, Hans Dahl"]
[Black "Jensen, Leif"]
[Result "0-1"]
[WhiteElo "2208"]
[BlackElo "2102"]
[PlyCount "104"]
[EventDate "2001.06.23"]

1. c4 e5 2. g3 g6 3. Bg2 Bg7 4. Nc3 c6 5. e4 d6 6. d3 Be6 7. Nge2 Ne7 8. O-O
Qc8 9. Bg5 f6 10. Be3 Bh3 11. Qd2 h5 12. f4 Bxg2 13. Kxg2 h4 14. fxe5 hxg3 15.
Nxg3 fxe5 16. Bg5 Qe6 17. Rf3 Nd7 18. Raf1 Rf8 19. b4 O-O-O 20. a4 Rxf3 21.
Rxf3 Bf6 22. Bxf6 Nxf6 23. Qf2 Nh5 24. Nce2 Qg4 25. Rf7 Qe6 26. Rh7 Nf6 27. Rg7
Rh8 28. Qxa7 Kc7 29. b5 cxb5 30. axb5 Ne8 31. b6+ Kd8 32. Qb8+ Nc8 33. Rxb7 Rf8
34. Rc7 Qg4 35. Ng1 Qe6 36. Rc6 Qd7 37. Qa8 Rf7 38. Nf3 Qb7 39. Rxc8+ Qxc8 40.
Qa5 Rb7 41. Ng5 Qc6 42. Nf7+ Ke7 43. Nxe5 dxe5 44. Qxe5+ Qe6 45. Qg5+ Qf6 46.
Qc5+ Qd6 47. Qg5+ Kf7 48. c5 Qxd3 49. Qf4+ Kg8 50. Qe5 Ng7 51. h4 Rf7 52. Qb2
Nh5 0-1

[Event "Tage Sorensen Memorial 2001"]
[Site "Holbaek"]
[Date "2001.06.30"]
[Round "8"]
[White "Pedersen, Henrik Dahl"]
[Black "Carstensen, Jacob"]
[Result "1-0"]
[WhiteElo "2237"]
[BlackElo "2260"]
[PlyCount "91"]
[EventDate "2001.06.23"]

1. c4 e5 2. g3 Nf6 3. Bg2 d5 4. cxd5 Nxd5 5. Nf3 Nc6 6. d3 Be7 7. O-O Nb6 8.
Nbd2 O-O 9. a3 a5 10. b3 Be6 11. Bb2 f6 12. Rc1 Qd7 13. Re1 Rfd8 14. Qc2 Bf8
15. Ne4 Qf7 16. Nfd2 Nd7 17. f4 exf4 18. gxf4 h6 19. e3 Rac8 20. Nf2 Nc5 21.
Nc4 a4 22. b4 Nb3 23. Rcd1 b5 24. Bxc6 bxc4 25. d4 f5 26. Nh1 Rd6 27. Bf3 Be7
28. Ng3 Bh4 29. d5 Bd7 30. Be5 Rb6 31. Bh5 Qf8 32. Qxc4 Bb5 33. Qc2 Bxg3 34.
hxg3 c5 35. bxc5 Rxc5 36. Qg2 Rc8 37. g4 Bd7 38. g5 Be8 39. Bxe8 Qxe8 40. d6
Rd8 41. gxh6 g6 42. h7+ Kxh7 43. Qh3+ Kg8 44. Qh8+ Kf7 45. Qf6+ Kg8 46. Qg7#
1-0

[Event "Tage Sorensen Memorial 2001"]
[Site "Holbaek"]
[Date "2001.06.30"]
[Round "8"]
[White "Jorgensen, Gert"]
[Black "Larsen, Peder Lehmann"]
[Result "1-0"]
[WhiteElo "2123"]
[BlackElo "2055"]
[PlyCount "79"]
[EventDate "2001.06.23"]

1. d4 Nf6 2. Nf3 g6 3. g3 Bg7 4. Bg2 O-O 5. c4 d6 6. O-O c6 7. Nc3 Nbd7 8. e4
e5 9. dxe5 dxe5 10. b4 a5 11. b5 Qe7 12. Rb1 Qe6 13. Qe2 h6 14. Rd1 Nc5 15. Ba3
Nfd7 16. Nd2 Re8 17. Nb3 Bf8 18. Nxc5 Bxc5 19. Bxc5 Nxc5 20. Qe3 Nd7 21. Bf1
Kg7 22. c5 Qe7 23. Rd6 Qg5 24. Qxg5 hxg5 25. bxc6 Nxc5 26. Rd5 Nxe4 27. Nxe4
bxc6 28. Rc5 Bf5 29. Re1 g4 30. Nd6 Re6 31. Nxf5+ gxf5 32. Rcxe5 Rh6 33. Rxf5
Rah8 34. Rg5+ Kf8 35. Rxg4 Rxh2 36. Bg2 R8h6 37. Bxc6 f5 38. Rg5 R2h3 39. Rxf5+
Kg7 40. Bg2 1-0

[Event "Tage Sorensen Memorial 2001"]
[Site "Holbaek"]
[Date "2001.06.30"]
[Round "8"]
[White "Strange, Mikkel"]
[Black "Brekka, Martin"]
[Result "1-0"]
[WhiteElo "2228"]
[BlackElo "2102"]
[PlyCount "77"]
[EventDate "2001.06.23"]

1. e4 e5 2. Nf3 Nc6 3. Bb5 a6 4. Ba4 Nf6 5. O-O d6 6. Re1 b5 7. Bb3 Be7 8. c3
O-O 9. h3 Na5 10. Bc2 c5 11. d4 Qc7 12. Nbd2 Re8 13. Nf1 Bd7 14. Ne3 cxd4 15.
cxd4 Nc4 16. Nd5 Nxd5 17. exd5 Bf6 18. b3 Nb6 19. Bg5 Bxg5 20. Nxg5 h6 21. Rc1
Qb7 22. Qh5 hxg5 23. Qh7+ Kf8 24. dxe5 Rxe5 25. Rxe5 dxe5 26. d6 f5 27. Bxf5
Bxf5 28. Qh8+ Kf7 29. Rc7+ Qxc7 30. Qh5+ Ke6 31. dxc7 Rc8 32. g4 Be4 33. Qxg5
Rxc7 34. Qe3 Kd5 35. Qxb6 Rc1+ 36. Kh2 Rh1+ 37. Kg3 Rg1+ 38. Kh4 Rg2 39. Qxa6
1-0

[Event "Tage Sorensen Memorial 2001"]
[Site "Holbaek"]
[Date "2001.06.30"]
[Round "8"]
[White "Pavlovskaya, Evgenija"]
[Black "Skjoldager, Flemming"]
[Result "1-0"]
[WhiteElo "2201"]
[BlackElo "2000"]
[PlyCount "63"]
[EventDate "2001.06.23"]

1. e4 c6 2. d4 d5 3. exd5 cxd5 4. c4 Nf6 5. Nc3 e6 6. Nf3 Be7 7. cxd5 Nxd5 8.
Bd3 O-O 9. O-O Nc6 10. Re1 Bf6 11. a3 h6 12. Bc2 Nxc3 13. bxc3 Ne7 14. Qd3 Ng6
15. Rb1 b6 16. Qe4 Rb8 17. Qg4 e5 18. Qg3 Nf4 19. Nxe5 Bxe5 20. Rxe5 f6 21. Re1
Nxg2 22. Bxh6 Qd7 23. Qxg2 g5 24. Bb3+ Rf7 25. Qg3 Rb7 26. h4 Kh7 27. Bxf7 Qxf7
28. hxg5 Bf5 29. Rb2 Re7 30. Rbe2 Rxe2 31. Rxe2 Qg6 32. Re7+ 1-0